000 01125nab a22002297a 4500
999 _c6096
_d6096
003 OSt
005 20260122071933.0
008 190502c xxu||||| |||| 00| 0 spa d
040 _cPJ
100 _aGarofalo, Giulio
_96865
245 1 3 _aLa diversificación de los estándares de prueba en el proceso penal /
_cGiulio Garofalo.
260 _aCiudad Autónoma de Buenos Aires :
_bThomson Reuters La Ley,
_c2024.
300 _ap. 3-10
505 _aSumario: I. La condena “más allá de toda duda razonable” en el sistema italiano.— II. Estándar de prueba y contextos decisionales. El fumuscommissi delicti.— III. La duda razonable ante el desafío del anticognitivismo.
505 _aFallo comentado: CCrim. 2a Nom., Catamarca, 15/03/2022. - F. M. C. V.
505 _t¿Te interesa el texto completo? Solicitalo al correo: koha@justierradelfuego.gov.ar
650 0 _9343
_aDERECHO PENAL
650 0 _92348
_aPROCESO PENAL
650 0 _91975
_aPRUEBA
773 0 _02729
_93180
_dBuenos Aires : LexisNexis, 2006-
_tRevista de derecho penal y procesal penal. Nº 11 - Noviembre 2024
_z9875920622
942 _2udc
_cANA